00842nam a22002657a 450000500170000001000130001702000220003003500130005203700160006504000120008108200150009310000260010824500780013426000280021227000100024030000270025050000200027765000230029765000320032070000270035270000270037994200240040699900190043095201270044920170124110240.0 aA-527886 c00.00a2080135104 aA-527886 bCen Lib/Ret aDPLbEN a726.2bATA aAtasoy, Nurban994597 aThe art of islam /cby Nurban Atasoy, Afif Babnassi [and] michael Rogers  aParisbFlammarionc1990 bParis a176p.:c27cm(Hb)bill. aincludes index  aIslamic art930949 aIslamic architecture994598 aBabnassi, Afif 994599 aRogers, Michael994600 2ddccENh726.2mATA c135137d135137 001040718REFaLbLd2015-10-01eCen Lib/Retg0.00l0o726.2 ATApA-527886r2015-10-01 00:00:00t1v0.00w2015-10-01yEN